000 00547nam a22002177a 4500
003 UA-OsUOA
001 64860
007 ta
008 20091110b un ||||| |||| 00| 0 ukr d
090 _a82-09(477)
942 _cBK
040 _aUA-OsUOA
_beng
_cUA-OsUOA
_dUA-OsUOA
245 _aHarward library of early Ukrainian Literature
300 _a805 с.
955 _a3
041 _aeng
080 _a82-09(477)
260 _aHarward
_c1987
650 7 _a82 Література. Літературознавство
_2UDC
999 _c350967
_d350967